000 00497nam a2200169Ia 4500
999 _c28905
_d28905
003 OSt
005 20201208102139.0
008 190216s9999||||xx |||||||||||||| ||und||
040 _coclc
082 _a894.8124
_bNOA/B
100 _aNoamchomsky
_97226
245 0 _aBeekarathayude Yuddhavum Yuddhathinte Beekarathayum /
_cNoamchomsky
260 _bPappiyon,
_aCalicut:
_c2001.
300 _a90p
650 _aLekhanam
942 _cBK
_2ddc
_h894.8124
_iNOA/B
_k894.8124
_mNOA/B